000 01354cam a2200301 a 4500
005 20100126144741.0
008 090706s2010 nyua 000 0 eng
010 _aENG-96040
020 _a9780070683600
_c425.00
020 _a0070683603
_c425.00
035 _aEN-79573
037 _bDBAD/PUB
040 _aDPL
050 _aHD66
082 _a658.452
_222
100 _aScannell, Mary,
_d1959-
245 _aThe big book of team motivating games :
_bspirit-building, problem-solving, and communication games for every group /
_cMary Scannell & Edward E. Scannell.
260 _aNew Delhi
_bTata McGraw-Hill Education
_cc2010.
270 _a7, West Patel Nagar
_bNew Delhi
_e110008
300 _aviii, 215 p. :
_bill. ;
_c23 cm. (pbk)
650 _aTeams in the workplace.
650 _aManagement games.
650 _aEmployee motivation.
700 _aScannell, Edward E.
942 _2ddc
_cEN
_h658.452
_mSCA
999 _c35269
_d35269